000 00514nam a2200181Ia 4500
008 230718s9999 xx 000 0 und d
020 _a9788172244187
041 _aeng
082 _a621.6'7
_bLOB
100 _aLobanoff V.S.
_9192401
245 _aCentrifugal Pumps
_bDesign And Application
250 _a2nd ed.
260 _bJaico Publishing House
300 _dRef 706 I (39703)
365 _cRs.
_b995.00
700 _aLobanoff V.S.
_9192401
906 _dO:0322706-Feb-2013B:219503-Jan-2013
_cMECH
_b218.9
999 _c331875
_d331875